000 00935nam a22002657i 4500
999 _c22747
_d22747
003 AR-CdUCM
008 231030b20212021pe ad||| |||| 001 0 spa d
040 _aMUNICIPALIDAD PROVINCIAL DEL CUSCO
_cBIBLIOTECA MUNICIPAL DEL CUSCO
041 _hspa
082 _a519 / T15
_bT15
100 _aTaípe Haqquehua, Eugenio
_944449
245 _aMatemática Probabilidad y Estadística /
260 _aSantiago-Cusco :
_c2021.
300 _a120 páginas. :
_c21 cm.
500 _zBibliografía: página 121
505 _aEstadística -- Conteo -- Tipos de gráficas estadísticas -- Media aritmética -- Variables cuantitativas -- Intervalos -- Rango -- Marca de clase
650 _aEstadísticas
_94614
650 _a Amplitud
_949071
650 _aVariables cuantitativas
_949072
650 _aLa mediana
_949073
650 _aIntervalos
_949074
650 _aGráficas
_924201
942 _2ddc
_cLIBROS
945 _apebm
_d2021-10-30